000 00283nam a22001337a 4500
008 181018b xxu||||| |||| 00| 0 eng d
020 _a9781581500325
041 _aeng
080 _a591
100 _a7
101 _aZOO
245 _aThe Equine Eye
_cBall.M.A
942 _2udc
_cBK
999 _c50101
_d50101